Normal view
MARC view
- الطب الشرعي-علم الامراض
Entry Topical Term
001 - CONTROL NUMBER
- control field: 47043
003 - CONTROL NUMBER IDENTIFIER
- control field: JO-AjAnu
005 - DATE AND TIME OF LATEST TRANSACTION
- control field: 20230606081753.0
008 - FIXED-LENGTH DATA ELEMENTS
- fixed length control field: 230606|| aca||aabn | a|a d
040 ## - CATALOGING SOURCE
- Original cataloging agency: JO-AjAnu
- Transcribing agency: JO-AjAnu
150 ## - HEADING--TOPICAL TERM
- Topical term or geographic name entry element: الطب الشرعي-علم الامراض
670 ## - SOURCE DATA FOUND
- Source citation: Work cat.: (JO-AjAnu)24076: حرز الله، محمود ، م. مشارك مها ابو ياسين , author 47042, علم الامراض والطب الشرعي